| 000 | 00837nam a2200229 4500 | ||
|---|---|---|---|
| 001 | 74868 | ||
| 003 | BD-RjUL | ||
| 005 | 20211209082620.0 | ||
| 008 | 500101s1983 b a b 000 0 ben d | ||
| 035 | _a(BD-RjUL)75086 | ||
| 040 |
_aBD-RjUL _beng _cBD-RjUL |
||
| 041 | _aben | ||
| 082 |
_223 _a398.2095492 _bCHK 1983 |
||
| 100 |
_aচৌধুরী, তিতাশ _9225992 |
||
| 245 | 1 | 0 |
_aকুমিল্লা জেলার লোকসাহিত্য / _cতিতাশ চৌধুরী |
| 260 |
_aঢাকা : _bবাংলা একাডেমী, _c১৯৭৩ |
||
| 300 |
_a২৮২পৃ. : _b। _c২১ সেমি। |
||
| 504 | _aনির্ঘন্ট সংযুক্ত | ||
| 650 |
_aলোকসাহিত্য _zকুমিল্লা _9225993 |
||
| 942 |
_2ddc _cBK |
||
| 999 |
_c74868 _d74868 |
||